Statistiques concernant Titres La Guerre des clans

Cliquez ici pour prendre le quiz!

Statistiques générales

  • Ce quiz a été pris 38 fois
  • Le résultat moyen est 36 sur 68

Statistiques - réponses

HintCycle 1% Correct
À feu et à sang
100%
Cycle 2
La dernière prophétie
Minuit
95%
Cycle 1
La Guerre des Clans
Retour à l'état sauvage
95%
Crépuscule
90%
Aurore
81%
Cycle 4
Les signes du destin
La quatrième apprentie
81%
Les mystères de la forêt
81%
Rivière noire
81%
Avant la tempête
76%
Clair de lune
76%
Coucher de soleil
76%
Hors-sériesLa prophétie d'Étoile Bleue
76%
Nuit étoilée
76%
Sur le sentier de la guerre
76%
Éclipse
71%
La quête d'Étoile de Feu
71%
Pénombre
71%
Cycle 3
Le pouvoir des étoiles
Vision
71%
Exil
67%
La guerrière oubliée
67%
La promesse de l'Élu
67%
La vengeance d'Étoile Filante
67%
Soleil levant
67%
Une sombre prophétie
67%
Cycle 6
De l'Ombre à la Lumière
La quête de l'apprenti
62%
Le dernier espoir
62%
Le secret de Croc Jaune
62%
Cycle 5
L'Aube des clans
Le sentier du soleil
62%
L'épreuve d'Étoile de ronce
57%
L'Étoile Flamboyante
57%
Un écho lointain
57%
La Première bataille
52%
La rivière de feu
52%
Le destin d'Étoile de Feuille
52%
L'empreinte de la lune
52%
Le sentier des étoiles
52%
Une forêt divisée
52%
Coup de tonnerre
48%
Des murmures dans la nuit
48%
Ombre et Tonnerre
48%
Au cœur de la tourmente
43%
Éclats de Ciel
43%
(à paraître le 11 avril)L'imposteur
43%
Péril nocturne
43%
Le retour du guerrier
38%
Le voyage d'Aile de Faucon
38%
L'ombre de Cœur de Tigre
38%
En fuite
33%
Cycle 7
La trahison du code
Étoiles perdues
33%
Nouvelles parues en recueilLa vengeance d'Ombre d'Érable
33%
La vision de Vol du Papillon
33%
Le guide illustré
33%
Retour aux clans
33%
La malédiction de Plume d'Oie
29%
Les aventures de Plume griseLe guerrier perdu
29%
Le refuge du guerrier
29%
Les adieux de Nuage de Jais
29%
Étoile du tigre et SachaSeule dans les bois
29%
Un cœur de guerrier
29%
Le destin de Nuage de jaisUne paix menacée
29%
(à paraître le 4 juillet)L'espoir de Poil d'Écureuil
24%
Romans graphiquesLe vent du changement
24%
L'exil de Lune Noire
24%
Un clan en danger
24%
Une ombre au Clan de la Rivière
24%
Après l'inondation
19%
Le code du guerrier
19%
Le Clan du Ciel et l'étrangerSauvetage
19%

Distribution des résultats

Percentile par nombre de réponses

% des personnes avec chaque résultat

Votre développement - résultats

Vous n’avez pas pris ce quiz